| 000 | 01348 a2200349 4500 | ||
|---|---|---|---|
| 999 |
_c200421779 _d38943 |
||
| 001 | 200421779 | ||
| 003 | TR-AnTOB | ||
| 005 | 20241010160649.0 | ||
| 008 | 150416s2015 tu 000 0 | ||
| 020 | _a9789750133817 | ||
| 040 |
_aTR-AnTOB _btur _erda _cTR-AnTOB |
||
| 041 | 0 | _atur | |
| 050 | 0 | 0 |
_aDR435.A7 _bR87 2015 |
| 090 | _aDR435.A7 R87 2015 | ||
| 245 | 1 | 0 |
_aRus imparatporluk kayıtlarında Ermeni sorunu / _chazırlayan Natalia Chernichenkina ; Metin düzenleme: Abdullah Arslan, Yusuf Keskin. |
| 264 |
_aErzincan: _bAtatürk Üniversitesi , _c2015. |
||
| 300 |
_aix 710 sayfa; _c23 cm |
||
| 336 |
_atext _2rdacontent _btxt |
||
| 337 |
_aunmediated _2rdamedia _bn |
||
| 338 |
_avolume _2rdacarrier _bnc |
||
| 490 | 0 |
_aErzincan Üniversitesi yayınları ; _v001 _aFen Edebiyat Fakültesi yayınları ; _v001 _aAraştırma yayınları ; _v001 |
|
| 650 | 0 |
_aErmeni sorunu _xTarih _vKaynaklar _963098 |
|
| 650 |
_aErmeniler _zTürkiye _xTarih _vKaynaklar _98327 |
||
| 650 |
_aDünya Savaşı, 1914-1918 _zKafkasya _vKaynaklar _963107 |
||
| 650 |
_aDünya Savaşı, 1914-1918 _zTürkiye _vKaynaklar _963104 |
||
| 651 | 7 |
_aRusya (Federasyon) _xArşiv kaynakları _2etuturkob _963100 |
|
| 700 | 1 |
_aArslan, M. Abdullah _9105518 |
|
| 700 | 1 |
_aKeskin, Yusuf. Z. _9105519 |
|
| 700 | 1 |
_aChernichenkina, Natalia _9105520 |
|
| 942 |
_cBK _2lcc |
||